Comentarios al Códice Borgia (Record no. 9178)

MARC details
000 -CABECERA
campo de control de longitud fija 00877nam a2200277 a 4500
001 - NÚMERO DE CONTROL
campo de control BRL_365
005 - FECHA Y HORA DE LA ÚLTIMA TRANSACCIÓN
campo de control 20190320210716.0
008 - DATOS DE LONGITUD FIJA--INFORMACIÓN GENERAL
campo de control de longitud fija 050813s1963----mx-a######---#000-0#spa-#
020 ## - NÚMERO INTERNACIONAL ESTÁNDAR DEL LIBRO
Número Internacional Estándar del Libro 9681606620
041 ## - CÓDIGO DE LENGUA
Código de lengua del texto/banda sonora o título independiente spa
044 ## - CÓDIGO DEL PAÍS DE LA ENTIDAD EDITORA/PRODUCTORA
Código MARC del país mx
050 #4 - SIGNATURA TOPOGRÁFICA DE LA BIBLIOTECA DEL CONGRESO
Número de clasificación F1219.56
Número de documento/Ítem .S45 1963
100 1# - ENTRADA PRINCIPAL--NOMBRE DE PERSONA
Nombre de persona Seler, Eduard
Fechas asociadas al nombre 1849-1922
9 (RLIN) 5287
245 10 - MENCIÓN DE TÍTULO
Título Comentarios al Códice Borgia
Mención de responsabilidad, etc. Eduard Seler ; traducción Mariana Frenk.
260 ## - PUBLICACIÓN, DISTRIBUCIÓN, ETC.
Lugar de publicación, distribución, etc. México
Nombre del editor, distribuidor, etc. FCE
Fecha de publicación, distribución, etc. 1963
300 ## - DESCRIPCIÓN FÍSICA
Extensión 3 v.
Otras características físicas il. (algunas a color)
Dimensiones 29 cm.
500 ## - NOTA GENERAL
Nota general Au343
505 0# - NOTA DE CONTENIDO CON FORMATO
Nota de contenido con formato Contenido : v.1 Comentarios al códice Borgia. -- v.2 Comentarios al códice Borgia. -- v.3 Códice Borgia
630 04 - PUNTO DE ACCESO ADICIONAL DE MATERIA--TÍTULO UNIFORME
Título uniforme Códice Borgia
9 (RLIN) 5289
650 14 - PUNTO DE ACCESO ADICIONAL DE MATERIA--TÉRMINO DE MATERIA
Término de materia o nombre geográfico como elemento de entrada Aztecas
Subdivisión general Religión
9 (RLIN) 5290
650 14 - PUNTO DE ACCESO ADICIONAL DE MATERIA--TÉRMINO DE MATERIA
Término de materia o nombre geográfico como elemento de entrada Calendario azteca
9 (RLIN) 777
650 14 - PUNTO DE ACCESO ADICIONAL DE MATERIA--TÉRMINO DE MATERIA
Término de materia o nombre geográfico como elemento de entrada Indigenas de México
Subdivisión general Religión
9 (RLIN) 5291
700 1# - PUNTO DE ACCESO ADICIONAL--NOMBRE DE PERSONA
Nombre de persona Frenk, Mariana
9 (RLIN) 23674
902 ## - CATALOGADOR
Iniciales GRL
942 ## - ELEMENTOS DE PUNTO DE ACCESO ADICIONAL (KOHA)
Fuente del sistema de clasificación o colocación Library of Congress Classification
Tipo de ítem Koha Libros
Holdings
Estado de retiro Estado de pérdida Estado dañado No para préstamo Localización permanente Ubicación/localización actual Fecha de adquisición Número de inventario Total de préstamos Signatura topográfica completa Código de barras Fecha visto por última vez Precio válido a partir de Tipo de ítem Koha
El ejemplar forma parte de la colección y puede ser consultado según las políticas vigentes.       Biblioteca Centro de Estudios Ruth D. Lechuga Biblioteca Centro de Estudios Ruth D. Lechuga 05/08/2013 Au343   F1219.56 .S45 1963 (Au343) GRL00388 22/03/2019 22/03/2019 Libros
El ejemplar forma parte de la colección y puede ser consultado según las políticas vigentes.       Biblioteca Centro de Estudios Ruth D. Lechuga Biblioteca Centro de Estudios Ruth D. Lechuga 25/08/2015 Au343   F1219.56 .S45 1963 (Au343) GRL00389 22/03/2019 22/03/2019 Libros
El ejemplar forma parte de la colección y puede ser consultado según las políticas vigentes.       Biblioteca Centro de Estudios Ruth D. Lechuga Biblioteca Centro de Estudios Ruth D. Lechuga 25/08/2015 Au343   F1219.56 .S45 1963 (Au343) GRL00390 22/03/2019 22/03/2019 Libros